Valores, sociedad y educación: una mirada desde los actores

Saved in:
Bibliographic Details
Main Authors: Catalán, Ramiro (Author), Egaña, M. Loreto (Author)
Format: Book
Language:Spanish
Published: Santiago LOM 2004
Edition:1a. ed
Series:Enfoques Pedagógicos
Subjects:
Tags: Add Tag
No Tags, Be the first to tag this record!

MARC

LEADER 00000nam a2200000 a 4500
001 UCL9586
003 CL-VaPUC
008 040813e20040000CL |||||||||||||||||spa|d
020 |a 9562826252 
082 0 4 |a 372.983  |b CAT  |2 21 
100 0 |a Catalán, Ramiro  |e author  |9 487465 
700 0 |a Egaña, M. Loreto  |e author  |9 487466 
245 1 0 |a Valores, sociedad y educación: una mirada desde los actores 
250 |a 1a. ed 
300 |a 153 p 
942 |c BK 
945 |d 20040813 00:00:00  |a cmena 
260 |a Santiago  |b LOM  |c 2004 
650 0 |a Educación básica   |9 224933 
650 0 |a Cambio social   |9 256857 
650 0 |a Reforma educacional   |9 256319 
650 0 |a Calidad de la educación   |9 307271 
650 0 |a Evaluación de la educación   |9 237505 
650 0 |a Valores morales   |9 310604 
651 7 |a CHILE  |2 CL-VaPUC  |9 487467 
583 |a last modification  |c 20040813 00:00:00  |k Rodrigo Vera 
490 0 |a Enfoques Pedagógicos 
999 |c 310327  |d 310325 
952 |0 0  |1 0  |4 0  |6 372_983000000000000_CAT_2004  |7 0  |8 A  |9 378628  |a BIBEDU  |b BIBEDU  |d 2019-11-21  |i 4206584  |o 372.983 CAT 2004  |p 4206584  |r 2019-11-21  |w 2019-11-21  |y BK  |k EBA